Statistics for Countries bordering Russia

Click here to take the quiz!

General Stats

  • This quiz has been taken 19 times
  • The average score is 15 of 16

Answer Stats

ContinentAnswer% Correct
AsiaChina
100%
EuropeEstonia
100%
EuropeFinland
100%
EuropeLatvia
100%
AsiaMongolia
100%
AsiaNorth Korea
100%
EuropeNorway
100%
North AmericaUnited States
100%
EuropeBelarus
94%
AsiaKazakhstan
94%
EuropeLithuania
94%
EuropePoland
94%
EuropeUkraine
94%
AsiaAzerbaijan
88%
AsiaGeorgia
88%
AsiaJapan
65%

Score Distribution

Percentile by Number Answered

Percent of People with Each Score

Your Score History

You have not taken this quiz